[Event "KRO m"]
[Site "Hilversum"]
[Date "1988.??.??"]
[Round "1"]
[White "Tal, Mihail"]
[Black "Timman, Jan H"]
[Result "1/2-1/2"]
[WhiteElo "2610"]
[BlackElo "2640"]

1.Nf3 d5 2.d4 Nf6 3.c4 c6 4.e3 Bf5 5.Nc3 e6 6.Bd3 Be7 7.Bxf5 exf5 8.cxd5 Nxd5
9.Qb3 Qb6 10.Qc2 g6 11.O-O Nd7 12.e4 fxe4 13.Qxe4 N7f6 14.Nxd5 Nxe4 15.Nxb6 axb6
16.Re1 f5 17.Ne5 O-O 18.f3 Bb4 19.Bh6 Bxe1 20.fxe4 Bb4 21.Bxf8 Bxf8 22.exf5 gxf5
23.a3 Bg7 24.Nf3 Rd8 25.Rd1 c5 26.Kf2 cxd4 27.Ke2 Re8+ 28.Kd3 Re3+ 29.Kc2 Re4
30.Kd3 Re3+  1/2-1/2

[Event "KRO m"]
[Site "Hilversum"]
[Date "1988.??.??"]
[Round "2"]
[White "Timman, Jan H"]
[Black "Tal, Mihail"]
[Result "1-0"]
[WhiteElo "2640"]
[BlackElo "2610"]

1.d4 d5 2.c4 c6 3.Nc3 Nf6 4.Nf3 e6 5.Bg5 dxc4 6.e4 b5 7.e5 h6 8.Bh4 g5 9.Nxg5 hxg5
10.Bxg5 Nbd7 11.g3 Bb7 12.Bg2 Qb6 13.exf6 O-O-O 14.O-O c5 15.dxc5 Nxc5 16.Qe2 Bxg2
17.Kxg2 Bh6 18.h4 Bxg5 19.hxg5 Qc6+ 20.f3 Rh5 21.a4 b4 22.Nb5 Kb7 23.Rad1 Nd3
24.Qe3 Qb6 25.Qe4+ Kb8 26.g4 Rh4 27.Kg3 Rdh8 28.Rxd3 cxd3 29.Qe5+ Ka8 30.Qe4+ Kb8
31.Qe5+ Ka8 32.g6 Rh3+ 33.Kf4 a6 34.Qe4+ Kb8 35.Qe5+ Ka8 36.Qe4+ Kb8 37.Qd4 Qxd4+
38.Nxd4 fxg6 39.Rd1  1-0

[Event "KRO m"]
[Site "Hilversum"]
[Date "1988.??.??"]
[Round "6"]
[White "Timman, Jan H"]
[Black "Tal, Mihail"]
[Result "1/2-1/2"]
[WhiteElo "2640"]
[BlackElo "2610"]

1.d4 d5 2.c4 c6 3.Nc3 Nf6 4.e3 g6 5.Nf3 Bg7 6.Be2 O-O 7.O-O e6 8.Qc2 Nbd7
9.Rd1 b6 10.e4 dxe4 11.Nxe4 Nxe4 12.Qxe4 Bb7 13.Bf4 Qe7 14.c5 bxc5 15.dxc5 Nxc5
16.Qb4 a5 17.Qa3 Rfd8 18.Rxd8+ Rxd8 19.Bg5 f6 20.Be3 Bf8 21.Qxa5 Nd3 22.Nd4 Nb4
23.Nb3 Ra8 24.Bc5 Rxa5 25.Bxe7 Rxa2 26.Rxa2 Nxa2 27.Bxf6 c5 28.Nd2  1/2-1/2

[Event "EUCup f"]
[Site "Rotterdam"]
[Date "1988.??.??"]
[Round "?"]
[White "Huebner, Robert"]
[Black "Timman, Jan H"]
[Result "1/2-1/2"]
[WhiteElo "2600"]
[BlackElo "2640"]

1.e4 e5 2.Nf3 Nf6 3.Nxe5 d6 4.Nf3 Nxe4 5.d4 d5 6.Bd3 Bd6 7.c4 c6 8.O-O O-O
9.Re1 Re8 10.Nc3 Nxc3 11.bxc3 Bg4 12.Bg5 Rxe1+ 13.Qxe1 Qd7 14.Qe3 Qe6 15.Rb1 b6
16.cxd5 cxd5 17.c4 Qxe3 18.fxe3 Nc6 19.cxd5 Nb4 20.Bc4 Bf5 21.Rb2 Rc8 22.Nd2 Bd3
23.Bxd3 Nxd3 24.Rb1 f5 25.e4 h6 26.e5 hxg5 27.exd6 Kf7 28.Nf3 Kf6 29.d7 Rd8
30.Rd1 g4 31.Rxd3  1/2-1/2

[Event "Tilburg"]
[Site "Tilburg"]
[Date "1988.??.??"]
[Round "?"]
[White "Timman, Jan H"]
[Black "Short, Nigel D"]
[Result "1/2-1/2"]
[WhiteElo "2660"]
[BlackElo "2665"]

1.d4 Nf6 2.c4 e6 3.Nf3 d5 4.Nc3 Be7 5.Bg5 h6 6.Bh4 O-O 7.e3 b6 8.cxd5 Nxd5
9.Bxe7 Qxe7 10.Nxd5 exd5 11.Rc1 Be6 12.Qa4 a5 13.a3 c5 14.Bb5 Nd7 15.O-O Rfc8
16.h3 Nf6 17.Rfd1 Rc7 18.Nd2 Rac8 19.dxc5 Rxc5 20.Nb3 Rxc1 21.Rxc1 Rxc1+
22.Nxc1 Ne4 23.Nd3 Qc7 24.Qd1 g5  1/2-1/2

[Event "Zuerich sim"]
[Site "Zuerich"]
[Date "1988.??.??"]
[Round "?"]
[White "Timman, Jan H"]
[Black "Ballmann, Martin"]
[Result "1-0"]
[WhiteElo "2675"]
[BlackElo "2280"]

1.d4 Nf6 2.c4 e6 3.Nc3 Bb4 4.Bg5 h6 5.Bh4 a5 6.d5 exd5 7.cxd5 d6 8.e3 O-O
9.Bd3 Nbd7 10.Ne2 Ne5 11.O-O Ng6 12.Bxf6 Qxf6 13.Ne4 Qe7 14.Qc2 Ne5 15.N4g3 Nxd3
16.Qxd3 c5 17.e4 b5 18.f4 c4 19.Qf3 f5 20.Nxf5 Bxf5 21.exf5 Rae8 22.Ng3 Qe3+
23.Qxe3 Rxe3 24.Rad1 Kf7 25.Rf2 Rfe8 26.Rc2 c3 27.bxc3 Rxc3 28.Rxc3 Bxc3
29.Kf2 Rc8 30.Ne4 Bb4 31.Kf3 Rc2 32.Rb1 Ba3 33.Rb3 Rxa2 34.Rc3 Bc5 35.Nxc5 dxc5
36.Rxc5  1-0

[Event "Zuerich sim"]
[Site "Zuerich"]
[Date "1988.??.??"]
[Round "?"]
[White "Timman, Jan H"]
[Black "Arnold, Ferenc"]
[Result "1-0"]
[WhiteElo "2675"]
[BlackElo "2330"]

1.e4 c5 2.Nf3 e6 3.d4 cxd4 4.Nxd4 Nf6 5.Nc3 Bb4 6.e5 Nd5 7.Bd2 Nxc3 8.bxc3 Be7
9.Qg4 Bf8 10.Bd3 d6 11.f4 Nc6 12.O-O dxe5 13.fxe5 Nxe5 14.Bb5+ Bd7 15.Qe2 Ng6
16.Qf3 f6 17.Qxb7 Bxb5 18.Qxb5+ Kf7 19.Rfe1 Qd5 20.Qxd5 exd5 21.Reb1 Be7
22.Rb7 Rhe8 23.Rd7 Red8 24.Rxd8 Rxd8 25.Rb1 Rd7 26.a4 Ne5 27.Bf4 Nc4 28.Kf1 Bd6
29.Bc1 Ba3 30.Kf2 Bxc1 31.Rxc1 Nd6 32.Ke3 Nc4+ 33.Kd3 Re7 34.Nb3 Re4 35.Rb1 Ne5+
36.Kd2 Rxa4 37.Nc5 Rc4 38.Rb7+ Kg6 39.Nb3 Ra4 40.Nd4 Nc4+ 41.Ke2 h5 42.Kf3 Kg5
43.Ke2 Kf4 44.Rxg7  1-0

[Event "Euwe mem"]
[Site "Amsterdam"]
[Date "1989.??.??"]
[Round "3"]
[White "Hjartarson, Johann"]
[Black "Timman, Jan H"]
[Result "0-1"]
[WhiteElo "2615"]
[BlackElo "2610"]

1.e4 c6 2.d4 d5 3.Nd2 dxe4 4.Nxe4 Bf5 5.Ng3 Bg6 6.h4 h6 7.Nf3 Nd7 8.h5 Bh7
9.Bd3 Bxd3 10.Qxd3 Ngf6 11.Bd2 Qc7 12.O-O-O e6 13.Ne4 O-O-O 14.g3 Nxe4 15.Qxe4 Bd6
16.c4 c5 17.Bc3 cxd4 18.Nxd4 Nc5 19.Qc2 a6 20.Rhe1 Be7 21.Kb1 Bf6 22.f4 Rd7
23.Nf3 Rxd1+ 24.Rxd1 Rd8 25.Rxd8+ Qxd8 26.Bxf6 gxf6 27.a3 f5 28.Ka2 f6 29.b4 Ne4
30.g4 Qd6 31.gxf5 Qxf4 32.Qg2 Ng5 33.Nxg5 Qxc4+ 34.Kb2 fxg5 35.fxe6 Qxe6
36.Qc2+ Kd7 37.Qh7+ Kc6 38.Qg6 Kd6 39.Qd3+ Qd5 40.Qg6+ Qe6 41.Qd3+ Ke7 42.Qh7+ Qf7
43.Qe4+ Kf8 44.Qg4 Kg7 45.Kc3 Qd5 46.Qg3 Kf6 47.Qf2+ Ke6 48.Qf8 Qc6+ 49.Kb3 Ke5
50.Qg7+ Kf5  0-1

[Event "EUCup qual"]
[Site "?"]
[Date "1989.??.??"]
[Round "?"]
[White "Arnason, Jon L"]
[Black "Timman, Jan H"]
[Result "0-1"]
[WhiteElo "2550"]
[BlackElo "2610"]

1.e4 e6 2.d4 d5 3.Nc3 Bb4 4.e5 c5 5.a3 Bxc3+ 6.bxc3 Ne7 7.Qg4 Qc7 8.Qxg7 Rg8
9.Qxh7 cxd4 10.Ne2 Nbc6 11.f4 dxc3 12.Qd3 Bd7 13.Nxc3 a6 14.Rb1 Rc8 15.Ne2 Na7
16.Qb3 Bb5 17.Nd4 Bxf1 18.Kxf1 Nac6 19.Nxc6 Qxc6 20.Rb2 Nf5 21.Qd3 Rxg2 22.Kxg2 d4+
23.Kg1 Ke7 24.Qf1 Qe4 25.h3 Nh4 26.Rh2 Nf3+ 27.Kh1 Rg8 28.Rf2 Nd2+ 29.Qg2 Rxg2
30.Rxg2 Nf3 31.Rf2 Qe1+ 32.Kg2 Nh4+ 33.Kg3 Qg1+  0-1

[Event "KRO m"]
[Site "Hilversum"]
[Date "1989.??.??"]
[Round "2"]
[White "Short, Nigel D"]
[Black "Timman, Jan H"]
[Result "0-1"]
[WhiteElo "2650"]
[BlackElo "2610"]

1.e4 c6 2.d4 d5 3.e5 Bf5 4.c3 e6 5.Be2 c5 6.a3 c4 7.Nd2 Nc6 8.Ngf3 Be7 9.b3 cxb3
10.Nxb3 Nh6 11.a4 O-O 12.a5 Rc8 13.O-O f6 14.Bxh6 gxh6 15.exf6 Bxf6 16.Re1 Kh8
17.Qd2 Bg7 18.Qe3 Rc7 19.a6 b6 20.Bb5 Ne7 21.Nbd2 Ng6 22.Rac1 Re7 23.Bd3 e5
24.dxe5 Nxe5 25.Bxf5 Rxf5 26.Nd4 Nf3+ 27.N2xf3 Rxe3 28.Rxe3 Rf7 29.Rce1 Qd6
30.Re8+ Rf8 31.g3 Kg8 32.Nh4 Bxd4 33.cxd4 Qf6 34.Rxf8+ Kxf8 35.Re5 Qc6 36.Nf5 b5
37.Ne7 Qxa6 38.Nxd5 Qa1+ 39.Kg2 Qxd4 40.Rf5+ Kg7 41.f3  0-1

[Event "KRO m"]
[Site "Hilversum"]
[Date "1989.??.??"]
[Round "4"]
[White "Short, Nigel D"]
[Black "Timman, Jan H"]
[Result "1-0"]
[WhiteElo "2650"]
[BlackElo "2610"]

1.e4 e5 2.Nf3 Nf6 3.Nxe5 d6 4.Nf3 Nxe4 5.d4 d5 6.Bd3 Bd6 7.O-O O-O 8.c4 c6
9.cxd5 cxd5 10.Nc3 Nxc3 11.bxc3 Bg4 12.Rb1 b6 13.Rb5 Bc7 14.c4 dxc4 15.Be4 Nc6
16.Rg5 Bxf3 17.Qxf3 Qd6 18.Rg3 Nxd4 19.Qg4 g6 20.Bxa8 Rxa8 21.Rd1 Rd8 22.Kf1 Qd5
23.Re3 f5 24.Qh4 f4 25.Re7 h5 26.Qf6  1-0

[Event "KRO m"]
[Site "Hilversum"]
[Date "1989.??.??"]
[Round "6"]
[White "Short, Nigel D"]
[Black "Timman, Jan H"]
[Result "1/2-1/2"]
[WhiteElo "2650"]
[BlackElo "2610"]

1.e4 e5 2.Nf3 Nf6 3.Nxe5 d6 4.Nf3 Nxe4 5.d4 d5 6.Bd3 Nc6 7.O-O Be7 8.c4 Nb4
9.Be2 O-O 10.Nc3 Be6 11.Be3 Bf5 12.Rc1 Nxc3 13.bxc3 Nxa2 14.Rc2 Bxc2 15.Qxc2 Nxc3
16.Qxc3 c6 17.Rb1 a5 18.Rxb7 a4 19.Ne5 Bd6 20.Nxc6 Qc8 21.Rb6 Ra6 22.c5 Rxb6
23.cxb6 Qb7 24.Na7 Qxb6 25.Nb5 Ra8 26.Bc1 Bf8 27.g3 g6 28.Kg2 Qe6 29.Bd3 Qc8
30.Bb2 a3 31.Ba1 Qxc3 32.Nxc3 Rd8 33.Bc2 Bg7 34.Na2 Rc8 35.Bb3 Rb8 36.Bc2 Rc8
37.Bb3 Rb8 38.Bc2  1/2-1/2

[Event "Novi Sad ol (Men)"]
[Site "Novi Sad"]
[Date "1990.??.??"]
[Round "2"]
[White "Cooper, John Grantley"]
[Black "Timman, Jan H"]
[Result "1/2-1/2"]
[WhiteElo "2390"]
[BlackElo "2660"]

1.Nf3 Nf6 2.c4 b6 3.g3 Bb7 4.Bg2 e6 5.O-O Be7 6.d4 O-O 7.Nc3 Ne4 8.Qc2 Nxc3
9.bxc3 Nc6 10.Rd1 Na5 11.c5 f5 12.c4 Be4 13.Qc3 Nb7 14.Ne5 Bxg2 15.Kxg2 Qe8
16.Ba3 d6 17.cxd6 cxd6 18.Nf3 Rc8 19.Rac1 Na5 20.Qd3 Qa4 21.Nd2 Rc7 22.Qe3 Rf6
23.Qd3 Rf7 24.Kg1 d5 25.Bxe7 Rcxe7 26.cxd5 exd5 27.Rc8+ Re8 28.Rdc1 g6 29.Qf3 Kg7
30.Rxe8 Qxe8 31.Qxd5 Qxe2 32.Nf3 Qe7 33.Ne5 Rf8 34.Qb5 Rd8 35.Qb2 Kg8 36.a4 Qd6
37.Qa2+ Qd5 38.Qxd5+ Rxd5 39.Rc8+ Kg7 40.Rc7+ Kg8 41.Rxa7 Rxd4 42.Nd7  1/2-1/2

[Event "Novi Sad ol (Men)"]
[Site "Novi Sad"]
[Date "1990.??.??"]
[Round "7"]
[White "Timman, Jan H"]
[Black "Psakhis, Lev"]
[Result "1/2-1/2"]
[WhiteElo "2660"]
[BlackElo "2575"]

1.Nf3 Nf6 2.c4 b6 3.d4 e6 4.g3 Ba6 5.b3 Bb4+ 6.Bd2 Be7 7.Nc3 O-O 8.e4 d5
9.cxd5 Bxf1 10.Kxf1 exd5 11.e5 Ne4 12.Rc1 Qd7 13.Kg2 Nc6 14.Qe2 Nxc3 15.Rxc3 Nd8
16.Be3 Ne6 17.Rd1 c6 18.Rc2 Rac8 19.Ne1 f5 20.exf6 Bxf6 21.Nf3 c5 22.Qd3 Qf7
23.dxc5 d4 24.Bc1 Nxc5 25.Qc4 Qxc4 26.Rxc4 Ne4 27.Bb2 Rxc4 28.bxc4 Nc3 29.Rd2 Rc8
30.Nxd4 Na4  1/2-1/2

[Event "Novi Sad ol (Men)"]
[Site "Novi Sad"]
[Date "1990.??.??"]
[Round "8"]
[White "Timman, Jan H"]
[Black "Boensch, Uwe"]
[Result "1/2-1/2"]
[WhiteElo "2660"]
[BlackElo "2510"]

1.e4 c5 2.Nf3 d6 3.d4 cxd4 4.Nxd4 Nf6 5.Nc3 e6 6.g4 h6 7.h4 a6 8.Rg1 Qa5
9.Nb3 Qc7 10.g5 hxg5 11.hxg5 Nfd7 12.g6 Ne5 13.gxf7+ Qxf7 14.Be2 Nbc6 15.Be3 Rh3
16.Qd2 Nf3+ 17.Bxf3 Qxf3 18.Nd4 Ne5 19.Bf4 Qh5 20.Qe2 Bd7 21.O-O-O Rc8 22.Kb1 Qxe2
23.Ncxe2 Rc7 24.b3 Nf7 25.Be3 e5 26.Nf5 Bxf5 27.exf5 Rf3 28.Ng3 Nh6 29.Bxh6 gxh6
30.Rd2 Rc6 31.Rh1 Rf4 32.Rh5 Rc3 33.Kc1 Rcf3 34.Rh2 Kd7 35.Kd1 Kc6 36.Ke2 d5
37.Rd3 e4 38.Rxf3 Rxf3 39.c4 dxc4 40.bxc4 Ra3 41.Nxe4 Rxa2+ 42.Kd3 Ra3+ 43.Ke2 b5
44.cxb5+ axb5 45.Rh1 Ra8 46.Rc1+ Kd5 47.Nf6+ Ke5 48.Nd7+  1/2-1/2

[Event "Prague"]
[Site "Prague"]
[Date "1990.??.??"]
[Round "3"]
[White "Short, Nigel D"]
[Black "Timman, Jan H"]
[Result "1/2-1/2"]
[WhiteElo "2610"]
[BlackElo "2660"]

1.e4 c6 2.d4 d5 3.e5 Bf5 4.c3 e6 5.Be2 Ne7 6.Nd2 c5 7.g4 Bg6 8.h4 h6 9.h5 Bh7
10.Ngf3 Nec6 11.a3 Nd7 12.b4 c4 13.Nf1 b5 14.Ng3 a5 15.Be3 Be7 16.O-O O-O
17.Qd2 f6 18.a4 axb4 19.axb5 Rxa1 20.Rxa1 Na5 21.Qb2 b3 22.exf6 Bxf6 23.Ra4 Qb6
24.g5 hxg5 25.Nxg5 Bxg5 26.Bxg5 Qxb5 27.Rb4 Qc6 28.h6 Rb8 29.Rxb8+ Nxb8 30.hxg7 Qe8
31.Qa3 Nd7 32.Bh6 Nc6 33.Bg4 Kf7 34.Nh5 Kg6 35.Qc1 Bg8 36.Nf4+ Kf6 37.Bh5 Bf7
38.Nxd5+ exd5 39.Qg5+ Ke6 40.Qe3+ Nde5 41.Bg4+ Kd6 42.dxe5+ Kc7 43.Kg2 b2
44.Bf5 Bg6 45.e6 Bxf5 46.Qf4+ Kb7 47.Qxf5 Ne7 48.Qb1 Kc6 49.Bg5 Qg8 50.Bf6 Qxe6
51.Bxe7 Qg4+ 52.Kh2 Qxg7 53.Qxb2  1/2-1/2

[Event "Rotterdam"]
[Site "Rotterdam"]
[Date "1990.??.??"]
[Round "?"]
[White "Timman, Jan H"]
[Black "Gurevich, Mikhail"]
[Result "1/2-1/2"]
[WhiteElo "2680"]
[BlackElo "2645"]

1.e4 e6 2.d4 d5 3.Nc3 Nf6 4.e5 Nfd7 5.f4 c5 6.Nf3 Nc6 7.Be3 cxd4 8.Nxd4 Bc5
9.Qd2 Nxd4 10.Bxd4 Bxd4 11.Qxd4 Qb6 12.Qxb6 Nxb6 13.Nb5 Ke7 14.b3 Bd7 15.Nd4 a6
16.Bd3 g6 17.Kd2 h5 18.g3 Rac8 19.a4 Be8 20.a5 Nd7 21.b4 Nb8 22.b5 Bxb5 23.Bxb5 axb5
24.Nxb5 Na6 25.Nd6 Rc7 26.Rhb1 Nc5 27.Rb5 Ne4+ 28.Nxe4 dxe4 29.Ra3 Rd8+ 30.Ke3 Rd5
31.c4 Rdd7 32.Rc3 Kd8 33.Kxe4 Kc8 34.Ke3 Rd1 35.Rb6 Ra1 36.Rb5 Ra2 37.h3 Rc6
38.g4 Rh2 39.Ke4 h4 40.c5 Re2+ 41.Kd3 Rh2 42.Kc4 Ra2 43.Kb4 Rb2+ 44.Kc4 Ra2
45.Kb3 Ra1 46.Kb4 Rb1+ 47.Kc4 Ra1 48.Kd4 Ra2 49.g5 Ra4+ 50.Rc4 Ra3 51.Rc3 Ra4+
52.Rc4 Ra3 53.Rcb4 Rc7 54.Rb3 Ra4+ 55.Ke3 Rc4 56.a6  1/2-1/2

[Event "Harlingen"]
[Site "Harlingen"]
[Date "1991.??.??"]
[Round "3"]
[White "Timman, Jan H"]
[Black "Winants, Luc"]
[Result "1/2-1/2"]
[WhiteElo "2630"]
[BlackElo "2505"]

1.c4 e5 2.g3 Nf6 3.Bg2 c6 4.d4 exd4 5.Qxd4 d5 6.Nf3 Be7 7.cxd5 cxd5 8.O-O O-O
9.Nc3 Nc6 10.Qa4 Qb6 11.Qc2 d4 12.Ne4 Nb4 13.Qb1 Rd8 14.Bg5 h6 15.Bxf6 Bxf6
16.a3 Na6 17.Ne1 Nc5 18.Nxc5 Qxc5 19.Qe4 Qb5 20.a4 Qxb2 21.Nd3 Qd2 22.a5 Be6
23.Rfd1 Qc3 24.Qxb7 Bg4 25.Rdc1 Qd2 26.Bd5 Rxd5 27.Qxd5 Rd8 28.Qa2 Qxe2 29.Qxe2 Bxe2
30.Ra3 Rb8 31.Nf4 Bg5 32.Re1 Ba6 33.Raa1 d3 34.Rad1 Bxf4 35.gxf4 Kf8 36.Kg2 Rd8
37.Rd2 Rd4 38.Kg3 Ra4 39.Re5 g6 40.f5 g5 41.f6 Rf4 42.Re7 Rxf6 43.Rxa7 Kg7
44.Rd7 h5 45.Rd5 h4+ 46.Kg4 Kh6 47.Rd8 Rf4+ 48.Kh3 Kh5 49.Rh8+ Kg6 50.Kg2 Bb7+
51.Kf1 Ra4 52.f3 Rxa5 53.Kf2 Ra3 54.Rd8 Ba6 55.Ke3 f6 56.Rd6 Bb5 57.Rb6 Rb3
58.Kd4 Kf5 59.Ke3 Rb4 60.Kf2 Rb1  1/2-1/2

[Event "Tilburg"]
[Site "Tilburg"]
[Date "1991.??.??"]
[Round "6"]
[White "Kamsky, Gata"]
[Black "Timman, Jan H"]
[Result "1-0"]
[WhiteElo "2595"]
[BlackElo "2630"]

1.e4 e5 2.Nf3 Nc6 3.Nc3 Nf6 4.Bb5 Bb4 5.O-O O-O 6.d3 d6 7.Bg5 Bxc3 8.bxc3 Qe7
9.Re1 Nd8 10.d4 Ne6 11.Bh4 Nf4 12.Nd2 Kh8 13.Bf1 h6 14.f3 g5 15.Bg3 Rg8 16.Nc4 Rg7
17.Ne3 h5 18.c4 Bd7 19.c3 Rag8 20.Nf5 Bxf5 21.exf5 h4 22.Bf2 g4 23.Bxh4 gxf3
24.Qxf3 Rg4 25.Bg3 N6h5 26.Bxf4 Nxf4 27.g3 Qh4 28.Re3 Nh5 29.Qf2 exd4 30.cxd4 Rxd4
31.Rae1 Qf6 32.Re4 Rxe4 33.Rxe4 Qg5 34.Qd4+ Kh7 35.Rh4 Re8 36.Qd1 Kh6 37.Be2 Rxe2
38.Qxe2 a6 39.a4 b6 40.Rh3 Qc1+ 41.Kg2  1-0

[Event "Tilburg"]
[Site "Tilburg"]
[Date "1991.??.??"]
[Round "7"]
[White "Timman, Jan H"]
[Black "Kortschnoj, Viktor"]
[Result "1-0"]
[WhiteElo "2630"]
[BlackElo "2610"]

1.e4 e6 2.d4 d5 3.Nc3 dxe4 4.Nxe4 Nd7 5.Nf3 Ngf6 6.Bg5 Be7 7.Nxf6+ Bxf6 8.h4 c5
9.Qd2 cxd4 10.O-O-O e5 11.Re1 O-O 12.Nxe5 Re8 13.Nxf7 Rxe1+ 14.Qxe1 Kxf7
15.Bc4+ Kf8 16.Qe6 Bxg5+ 17.hxg5 Qxg5+ 18.Kb1 Ne5 19.Qg8+ Ke7 20.Re1 Bd7
21.Qxa8 Qd2 22.Rxe5+ Kf6 23.a3 Kxe5 24.Qb8+ Kf5 25.Qf8+  1-0

[Event "Tilburg"]
[Site "Tilburg"]
[Date "1991.??.??"]
[Round "11"]
[White "Timman, Jan H"]
[Black "Short, Nigel D"]
[Result "1/2-1/2"]
[WhiteElo "2630"]
[BlackElo "2660"]

1.e4 e5 2.Nf3 Nc6 3.Bb5 a6 4.Ba4 Nf6 5.O-O Be7 6.Re1 b5 7.Bb3 O-O 8.c3 d5
9.exd5 Nxd5 10.Nxe5 Nxe5 11.Rxe5 c6 12.d4 Bd6 13.Re1 Qh4 14.g3 Qh3 15.Re4 g5
16.Qf3 Bf5 17.Bxd5 cxd5 18.Re3 Rad8 19.Nd2 Rfe8 20.a4 b4 21.c4 dxc4 22.Nxc4 Bd3
23.Rxe8+ Rxe8 24.Ne3 Bf4 25.Qg2 Qh5 26.gxf4 Qd1+ 27.Qf1 Qxf1+ 28.Nxf1 Re1
29.fxg5 b3 30.h4 Bxf1 31.f3 Bc4+ 32.Kf2 Rf1+ 33.Kg2 Rd1 34.h5 a5 35.Kf2 f6
36.gxf6 Bd5 37.Ke2 Rh1 38.Kf2 Kf7 39.Kg2 Rd1 40.Kf2 Ke6 41.Ke2 Rh1 42.Kf2 Kd7
43.h6 Kc6 44.Ke2 Bc4+ 45.Kf2 Rd1 46.Kg2 Kd7 47.Kf2 Bd5 48.Ke2 Rh1 49.Kf2 Ke6
50.Kg2 Rd1 51.Kf2 Kf5 52.Ke2 Rh1 53.Kf2 Bc4 54.Kg2 Rd1 55.Kf2 Kg6 56.Kg2 Re1
57.Kf2 Re2+ 58.Kg3 Kxf6 59.d5 Bxd5 60.Rb1 Be6 61.Bf4  1/2-1/2

[Event "Cannes team g/60"]
[Site "Cannes"]
[Date "1992.??.??"]
[Round "3"]
[White "Timman, Jan H"]
[Black "Kouatly, Bachar"]
[Result "1-0"]
[WhiteElo "2620"]
[BlackElo "2515"]

1.d4 Nf6 2.Nf3 g6 3.Bg5 Bg7 4.Nbd2 d5 5.e3 O-O 6.Be2 c5 7.O-O Ne4 8.Bh4 Nc6
9.c3 Qb6 10.Nxe4 dxe4 11.Nd2 Be6 12.Nxe4 cxd4 13.cxd4 Qxb2 14.Nc5 Bc8 15.Bf3 Qb6
16.Rc1 Re8 17.Qa4 e6 18.Rb1 Qc7 19.Bg3 e5 20.d5 Bf5 21.Rxb7 Qa5 22.Qxc6 Rec8
23.Nb3 Qxa2 24.Qd6 e4 25.Bd1 a5 26.Qe7 Rf8 27.Nd4 Bc8 28.Rc7 Ba6 29.Bb3 Qd2
30.Rd1  1-0

[Event "Manila ol (Men)"]
[Site "Manila"]
[Date "1992.??.??"]
[Round "?"]
[White "Timman, Jan H"]
[Black "Sax, Gyula"]
[Result "1/2-1/2"]
[WhiteElo "2620"]
[BlackElo "2600"]

1.e4 c5 2.Nf3 e6 3.d4 cxd4 4.Nxd4 Nf6 5.Nc3 d6 6.g4 h6 7.h4 Be7 8.Rg1 d5
9.Bf4 a6 10.exd5 Nxd5 11.Nxd5 Qxd5 12.Bg2 Qc4 13.Bg3 Bd7 14.c3 Nc6 15.Nb3 e5
16.Bf3 O-O-O 17.Nd2 Qb5 18.Qc2 Be6 19.a4 Qd3 20.Qxd3 Rxd3 21.Be2 Rd7 22.Nc4 Bd8
23.Rd1 Rxd1+ 24.Kxd1 Bc7 25.Kc2 f6 26.b4 Rd8 27.Ra1 e4 28.Re1 Bxg3 29.fxg3 Kc7
30.Nd2 f5 31.gxf5 Bxf5 32.Nc4 Re8 33.Ne3 Be6 34.Rf1 Kd6 35.Bh5 Rc8 36.Kd2 Ke5
37.Bg6 Ne7 38.Bh5 Rd8+ 39.Kc2 Rd3 40.Re1 Nf5 41.Ng4+ Kd5 42.Rxe4 Rxg3 43.Re2 Nd4+
44.cxd4 Bxg4 45.Bxg4 Rxg4 46.h5 Kxd4 47.Re6 Rg5 48.Rb6 Rxh5 49.Rxb7 Rg5 50.Rb6 Kc4
51.Kd2 h5 52.Ke3 h4 53.Kf2 h3 54.Rxa6 Kxb4 55.a5 Rg2+ 56.Kf1 Rg5 57.Kf2 Rg2+
58.Kf1 Ra2 59.Kg1 g5 60.Rh6 g4 61.a6 Kc5 62.Rg6  1/2-1/2

[Event "Manila ol (Men)"]
[Site "Manila"]
[Date "1992.??.??"]
[Round "?"]
[White "Timman, Jan H"]
[Black "Rozentalis, Eduardas"]
[Result "0-1"]
[WhiteElo "2620"]
[BlackElo "2585"]

1.e4 e6 2.d4 d5 3.Nc3 Nc6 4.Nf3 Nf6 5.Bg5 Be7 6.e5 Ne4 7.Bxe7 Qxe7 8.Bd3 Nxc3
9.bxc3 f6 10.exf6 Qxf6 11.O-O O-O 12.Re1 Bd7 13.Re3 Rf7 14.Qd2 Raf8 15.Rae1 Qh6
16.R1e2 a6 17.Qe1 Rf4 18.Nd2 Rh4 19.Nf1 Qg5 20.g3 Rh6 21.Kh1 Qg4 22.Nd2 Ne7
23.f3 Qh5 24.f4 Nf5 25.Bxf5 exf5 26.Nf3 Re6 27.Rxe6 Qxf3+ 28.Kg1 Bxe6 29.Rxe6 h5
30.Re3 Qg4 31.Kg2 Rf6 32.Re5 h4 33.Rxd5 hxg3 34.hxg3 Rh6 35.Qe8+ Kh7 36.Qd7 Qe2+  0-1

[Event "Manila ol (Men)"]
[Site "Manila"]
[Date "1992.??.??"]
[Round "?"]
[White "Timman, Jan H"]
[Black "Lobron, Eric"]
[Result "1/2-1/2"]
[WhiteElo "2620"]
[BlackElo "2575"]

1.c4 e5 2.Nc3 Nf6 3.Nf3 Nc6 4.g3 Bb4 5.Nd5 a5 6.Bg2 O-O 7.O-O Re8 8.d3 h6
9.Nd2 d6 10.Nxf6+ Qxf6 11.Ne4 Qg6 12.a3 Bc5 13.Bd2 Bd7 14.Nc3 Nd8 15.Nb5 Bb6
16.b4 axb4 17.axb4 Rxa1 18.Qxa1 c6 19.Nc3 Ne6 20.b5 Bd4 21.Qa3 Nf4 22.Bxf4 exf4
23.Ne4 d5 24.bxc6 bxc6 25.cxd5 cxd5 26.Qb4 Qb6 27.Qxb6 Bxb6 28.Nc3 fxg3 29.hxg3 Bd4
30.Rc1 Bxc3 31.Rxc3 Rxe2 32.Bxd5  1/2-1/2

[Event "Manila ol (Men)"]
[Site "Manila"]
[Date "1992.??.??"]
[Round "?"]
[White "Serper, Grigory"]
[Black "Timman, Jan H"]
[Result "1/2-1/2"]
[WhiteElo "2540"]
[BlackElo "2620"]

1.c4 Nf6 2.Nc3 e5 3.Nf3 Nc6 4.g3 Bb4 5.Nd5 a5 6.Bg2 O-O 7.O-O Re8 8.d3 h6
9.b3 d6 10.Bb2 Bg4 11.h3 Bh5 12.e3 Bc5 13.a3 Ba7 14.Nc3 Nd7 15.Qc2 Nc5 16.Nh4 Ne6
17.Nd5 Nb8 18.b4 c6 19.Nc3 Bb6 20.Na4 Bc7 21.f4 axb4 22.axb4 exf4 23.exf4 Nd7
24.Qf2 d5 25.f5 Nec5 26.Nxc5 Rxa1 27.g4 Nxc5 28.Bxa1 Nxd3 29.Qd4 Be5 30.Qxd3 Bxa1
31.Rxa1 Qxh4 32.cxd5 Bxg4 33.hxg4 Qxg4 34.dxc6 bxc6 35.Rf1 Qxb4 36.Qg3 Qd4+
37.Kh2 c5 38.Rf4 Qf6 39.Qh4 Qd6 40.Qg3 Qf6 41.Bf1 Rd8 42.Qh4 Rd2+ 43.Kg1 Qe5
44.f6 Rd4 45.Rxd4 cxd4 46.fxg7 Kxg7 47.Qh3 Qf4 48.Qh2 Qg5+ 49.Kh1 h5 50.Qg1 Qxg1+
51.Kxg1 Kg6 52.Kf2 Kg5 53.Kf3  1/2-1/2

[Event "Moscow blitz"]
[Site "Moscow"]
[Date "1993.??.??"]
[Round "?"]
[White "Ivanovic, Bozidar"]
[Black "Timman, Jan H"]
[Result "0-1"]
[WhiteElo "2470"]
[BlackElo "2635"]

1.e4 c5 2.Nf3 Nc6 3.d4 cxd4 4.Nxd4 Nf6 5.Nc3 d6 6.Bc4 Qb6 7.Nb3 e6 8.O-O a6
9.Bd3 Qc7 10.f4 Be7 11.Kh1 b5 12.Be3 Bb7 13.Qe1 b4 14.Na4 Nd7 15.c3 bxc3
16.Nxc3 Nb4 17.Nb5 axb5 18.Qxb4 Ra4 19.Qd2 Bxe4 20.Bxb5 Ra8 21.Qd4 Bxg2+
22.Kxg2 Qb7+ 23.Rf3 Qxb5 24.Bf2 d5 25.Qd2 Qb4 26.Qe2 O-O 27.Bd4 Bf6 28.Bc3 Bxc3
29.bxc3 Qb6 30.Nd4 Nf6 31.f5 Ne4 32.Raf1 e5 33.Nb3 Ra3 34.c4 Qa6 35.Nc1 Rxf3
36.Kxf3 Qxc4 37.Qxc4 Nd2+  0-1

[Event "Moscow blitz"]
[Site "Moscow"]
[Date "1993.??.??"]
[Round "?"]
[White "Timman, Jan H"]
[Black "Tiviakov, Sergei"]
[Result "1-0"]
[WhiteElo "2635"]
[BlackElo "2575"]

1.d4 Nf6 2.c3 e6 3.Nf3 b6 4.Bg5 Bb7 5.Nbd2 d5 6.e3 c5 7.Bd3 Nbd7 8.O-O Qc7
9.Bxf6 Nxf6 10.Ne5 a6 11.f4 Bd6 12.Qf3 b5 13.a3 Nd7 14.Rae1 Nb6 15.Qg4 g6
16.Qh3 O-O-O 17.b4 cxb4 18.cxb4 f5 19.Rc1 Nc4 20.Nb3 Kb8 21.Rc3 g5 22.Nc5 Bxc5
23.bxc5 gxf4 24.exf4 Nxe5 25.fxe5 Bc6 26.Rb1 Ka7 27.Qe3 Rhg8 28.Bf1 Rg4 29.Rcb3 Qa5
30.Rb4 Re4 31.Qh3 Rd7 32.a4 bxa4 33.Rb6 Ba8 34.Rxa6+ Qxa6 35.Bxa6 Kxa6 36.Qd3+ Ka7
37.Rb6 Rb7 38.Qa6+ Kb8  1-0

[Event "Moscow blitz"]
[Site "Moscow"]
[Date "1993.??.??"]
[Round "?"]
[White "Karpov, Anatoly"]
[Black "Timman, Jan H"]
[Result "1-0"]
[WhiteElo "2725"]
[BlackElo "2635"]

1.d4 Nf6 2.c4 e6 3.Nf3 c5 4.d5 exd5 5.cxd5 d6 6.Nc3 g6 7.e4 Bg7 8.Bd3 Bg4
9.Qa4+ Nbd7 10.Nd2 O-O 11.f3 Ne5 12.Qc2 Bd7 13.O-O Rc8 14.Nc4 Nxc4 15.Bxc4 Nh5
16.Be3 f5 17.exf5 gxf5 18.Rfe1 Qh4 19.Bf1 Rce8 20.Bf2 Bd4 21.Rad1 Bxf2+ 22.Qxf2 Qxf2+
23.Kxf2 Nf6 24.Bb5 a6 25.Bxd7 Nxd7 26.Re6 Ne5 27.Rxd6 Nc4 28.Rd7 Nxb2 29.Rd2 Nc4
30.Re2 b5 31.Rc7 Ne5 32.d6 b4 33.Nd5 Nd3+ 34.Kf1 Rxe2 35.Kxe2  1-0

[Event "Oviedo rapid"]
[Site "Oviedo"]
[Date "1993.??.??"]
[Round "2"]
[White "Martinez, Carlos Alejandro"]
[Black "Timman, Jan H"]
[Result "0-1"]
[WhiteElo "2320"]
[BlackElo "2620"]

1.e4 c5 2.Nf3 Nc6 3.d4 cxd4 4.Nxd4 Nf6 5.Nc3 d6 6.Bc4 Qb6 7.Nxc6 bxc6 8.O-O e6
9.Kh1 Be7 10.f4 d5 11.Bd3 O-O 12.e5 Nd7 13.Rf3 g6 14.Na4 Qc7 15.c4 Nb6 16.Qc2 Nxc4
17.Bxc4 dxc4 18.Qxc4 c5 19.Qc2 Ba6 20.Nc3 Rfd8 21.Ne4 Rd5 22.Nf6+ Bxf6 23.exf6 Rad8
24.Be3 Bd3 25.Qa4 Be2 26.Rg3 Qb7 27.Rg1 Qxb2 28.Qxa7 Qxf6 29.Bxc5 Qxf4 30.Be3 Qxg3  0-1

[Event "Oviedo rapid"]
[Site "Oviedo"]
[Date "1993.??.??"]
[Round "3"]
[White "Timman, Jan H"]
[Black "Danailov, Silvio"]
[Result "1-0"]
[WhiteElo "2620"]
[BlackElo "2440"]

1.d4 d6 2.Nf3 Bg4 3.c4 Bxf3 4.gxf3 Nd7 5.Nc3 g6 6.Bg2 Bg7 7.f4 c6 8.e3 Ngf6
9.b3 O-O 10.Bb2 e6 11.O-O d5 12.Qe2 Re8 13.Rac1 a6 14.Rc2 Bf8 15.Rd1 Nh5
16.Nb1 Bd6 17.Nd2 Ndf6 18.Nf3 Ng7 19.Ne5 Nf5 20.Bh3 Ng7 21.Bc3 Ne4 22.Be1 Be7
23.Bg2 Nd6 24.Bd2 Bf8 25.Kh1 Ngf5 26.Be1 Bg7 27.f3 Bf8 28.Bf2 Ng7 29.Bh3 Rc8
30.Rdc1 Be7 31.Be1 Ndf5 32.Bf2 Ba3 33.Rd1 Be7 34.a4 Nd6 35.Rdc1 Nh5 36.Qe1 Ng7
37.Bg4 Ndf5 38.cxd5 exd5 39.e4 dxe4 40.fxe4 Ba3 41.Rd1 f6 42.Nc4 Bf8 43.Re2 b5
44.Nb2 Ba3 45.Nd3 Nxd4 46.Bxd4 Qxd4 47.Bxc8 Rxc8 48.Ne5 Qc5 49.Ng4 Qf8 50.Nh6+ Kh8
51.Rd7 Be7 52.Qh4 Ne6 53.Qg4 Nc5 54.Rxe7  1-0